La vie quotidienne dans le massif central au XIX siècle
Guardat en:
| Autor principal: | |
|---|---|
| Format: | Llibre |
| Idioma: | francès |
| Publicat: |
París, Francia
Hachette
1971
|
| Matèries: | |
| Etiquetes: |
Afegir etiqueta
Sense etiquetes, Sigues el primer a etiquetar aquest registre!
|
MARC
| LEADER | 00000nam a2200000 a 4500 | ||
|---|---|---|---|
| 001 | UCO0303 | ||
| 003 | CL-VaPUC | ||
| 005 | 20210609001722.0 | ||
| 008 | 000420e19710000FR |||||||||||||||||fre|d | ||
| 999 | |c 287016 |d 287014 | ||
| 040 | |c Pontificia Universidad Católica de Valparaíso | ||
| 082 | 0 | 4 | |a 940.28 ANG 1971 |2 21 |
| 100 | 0 | |a Anglade, Jean |e author |9 441493 | |
| 245 | 1 | 3 | |a La vie quotidienne dans le massif central au XIX siècle |
| 260 | |a París, Francia |b Hachette |c 1971 | ||
| 300 | |a 288 páginas | ||
| 583 | |a last modification |c 20160829 12:31:58 |k Rodrigo Vera | ||
| 650 | 0 | |a Historia contemporánea |9 343224 | |
| 650 | 7 | |a HISTORIA SIGLO 19 |2 CL-VaPUC |9 257187 | |
| 650 | 0 | |a Vida cotidiana |9 322355 | |
| 942 | |c BK |2 ddc | ||
| 945 | |d 20000420 00:00:00 |a rherrera | ||
| 952 | |0 0 |1 0 |2 ddc |4 0 |6 940_280000000000000_ANG_1971 |7 0 |8 A |9 333390 |a BIBHIS |b BIBHIS |d 2019-11-20 |i 1264400 |o 940.28 ANG 1971 |p 1264400 |r 2025-01-20 |t 1 |w 2019-11-20 |y BK |k HIS | ||